000
00252 a2200097 4500
001
59068
100
_a
245
_a
Childrens first encyclopedia of knowledge ( 4 volumes set)
260
_a
ND
_b
Young Learner Publications
_c
2009
090
_c
36173
_d
36173
942
_a
NUST-CAE
_c
_c
29084
999
_c
294141
_d
294141